5HLuxD.jpg

KING HENRY VIII SENIOR AND PRIMARY SCHOOL LIBRARY OPAC

FINDING BEAR (Record no. 5262)

000 -LEADER
fixed length control field 00543nam a22001457a 4500
008 - FIXED-LENGTH DATA ELEMENTS--GENERAL INFORMATION
fixed length control field 250829b ||||| |||| 00| 0 eng d
020 ## - INTERNATIONAL STANDARD BOOK NUMBER
International Standard Book Number 9780008582043
082 ## - DEWEY DECIMAL CLASSIFICATION NUMBER
Classification number 823.92 GOL
100 ## - MAIN ENTRY--PERSONAL NAME
Personal name GOLD,HANNAH
Relator term AUTHOR
Language of a work ENGLISH
245 ## - TITLE STATEMENT
Title FINDING BEAR
260 ## - PUBLICATION, DISTRIBUTION, ETC.
Place of publication, distribution, etc. MACKEN HOUSE,39/40 MAYOR STREET UPPER,DUBLIN 1,D01 C9W8,IRELAND
Name of publisher, distributor, etc. HarperCollins Children's Book
Date of publication, distribution, etc. 2025
300 ## - PHYSICAL DESCRIPTION
Extent 366 pages
Other physical details colour illustration
500 ## - GENERAL NOTE
General note If you have a soft spot for animals and your heart is able to take the emotions.This will be a good read!
942 ## - ADDED ENTRY ELEMENTS (KOHA)
Source of classification or shelving scheme
Holdings
Withdrawn status Lost status Source of classification or shelving scheme Damaged status Not for loan Collection code Permanent Location Current Location Shelving location Date acquired Source of acquisition Total Checkouts Full call number Barcode Date last seen Date last checked out Price effective from Koha item type Public note
          Fiction KH8 Primary School Library KH8 Primary School Library Fiction 2025-08-29 SOF 1 823.92 GOL KHPL000007052 2026-03-09 2026-03-02 2025-08-29 Books - Fiction PRIMARY LIBRARY

Powered By KH8 IT Dept